Statistics for US States Bordering Virginia

Click here to take the quiz!

General Stats

  • This quiz has been taken 95 times
  • The average score is 5 of 5

Answer Stats

State% Correct
West Virginia
100%
North Carolina
99%
Maryland
98%
Tennessee
94%
Kentucky
93%

Score Distribution

Percentile by Number Answered

Percent of People with Each Score

Your Score History

You have not taken this quiz